| 000 | 00563nam a22001817a 4500 | ||
|---|---|---|---|
| 999 |
_c160589 _d160589 |
||
| 005 | 20190205151034.0 | ||
| 010 | _aB-107084 | ||
| 020 |
_a8172651504 _c375.00 |
||
| 035 | _aB-107084 | ||
| 037 | _bSnehavardhan Publishing House | ||
| 082 | _a954.32 | ||
| 100 | _aKhobrekar, V.G. | ||
| 245 |
_aKonkan:from the earliest to 1818 A.D. _cby V.G. Khobrekar |
||
| 260 |
_aPune _bSnehavardhan Publishing House _c2002 |
||
| 300 |
_a436p. _c21cm.(Pbk.) |
||
| 942 |
_2ddc _cEN _h954.32 _mKHO |
||